|
|
|
|
| LEADER |
00000cam a2200000 7i4500 |
| 001 |
0000008414 |
| 005 |
20241003.0 |
| 008 |
240902 nyua eng |
| 020 |
|
|
|a 0070466076 (hbk)
|
| 040 |
|
|
|a INS
|b eng
|e rda
|
| 090 |
0 |
0 |
|a RHM133
|b .S316 1998
|
| 100 |
1 |
|
|a Scannell, Edward E. ,
|e author
|
| 245 |
1 |
4 |
|a The complete games trainers play :
|b volume II
|c Edward E. Scannell, John W. Newstrom, Carolyn D. Nilson
|
| 264 |
|
1 |
|a New York :
|b McGraw-Hill
|c 1998
|
| 264 |
|
4 |
|c ©1998
|
| 300 |
|
|
|a xiv, 735 pages :
|b illustrations ;
|c 30 cm.
|
| 336 |
|
|
|a text
|2 rdacontent
|
| 337 |
|
|
|a unmediated
|2 rdamedia
|
| 338 |
|
|
|a volume
|2 rdacarrier
|
| 650 |
|
0 |
|a Experiential learning
|x Problems,exercises, etc.
|
| 650 |
|
0 |
|a Games
|
| 650 |
|
0 |
|a Group relations training
|
| 650 |
|
0 |
|a Small groups
|
| 700 |
1 |
|
|a Newstrom, John W. ,
|e author
|
| 700 |
1 |
|
|a Nilson, Carolyn D. ,
|e author
|
| 999 |
|
|
|a 0000007995
|b BOOK
|c Reference
|e Default branch
|